Elektricke stroje pro automatizaci

Uložené v:
Podrobná bibliografia
Hlavní autori: HENRY (Author), BAUDOT, J. (Author)
Médium: Kniha
Jazyk:Czech
Vydané: 1971
Tagy: Pridať tag
Žiadne tagy, Buďte prvý kto otaguje tento záznam!

MARC

LEADER 00000nam a2200000 a 4500
001 000109708
005 00000000000000.0
008 040101s1971 e czeo
041 0 |a cze 
100 0 |a HENRY  |4 aut 
245 1 0 |a Elektricke stroje pro automatizaci 
260 |c 1971 
500 |a Záznam neprešiel kontrolou 
700 1 |a BAUDOT, J.  |4 aut 
910 |a svkkk 
998 |a BK 
090 |g SCKHL  |k Sklad Pribinova 1. posch.  |a IV0.8482  |i 2720209060  |s Absenčne